Museos por venir : IX Congreso Mundial de Amigos de los Museos : [ponencias] = Museums to come (Record no. 72)

MARC details
000 -CABECERA
campo de control de longitud fija 00837nam a2200205 a 4500
001 - NÚMERO DE CONTROL
campo de control BRCA_77
005 - FECHA Y HORA DE LA ÚLTIMA TRANSACCIÓN
campo de control 20190320202854.0
008 - DATOS DE LONGITUD FIJA--INFORMACIÓN GENERAL
campo de control de longitud fija 990609s1998 mx-#---###---#100-0#spa-#
041 ## - CÓDIGO DE LENGUA
Código de lengua del texto/banda sonora o título independiente spa
044 ## - CÓDIGO DEL PAÍS DE LA ENTIDAD EDITORA/PRODUCTORA
Código MARC del país mx
050 #4 - SIGNATURA TOPOGRÁFICA DE LA BIBLIOTECA DEL CONGRESO
Número de clasificación AM2
Número de documento/Ítem .W67 1996
111 2# - ENTRADA PRINCIPAL--NOMBRE DE CONGRESO/REUNIÓN
Nombre de congreso/reunión o jurisdicción como elemento de entrada World Congress of Friends Of Museum
Número del congreso/reunión o número de parte o sección 9th
Fecha del congreso/reunión 1996
Sede del congreso/Lugar de la reunión Oaxaca de Juárez, México
9 (RLIN) 323
245 10 - MENCIÓN DE TÍTULO
Título Museos por venir : IX Congreso Mundial de Amigos de los Museos : [ponencias] = Museums to come
Resto del título IX World Congress of Friends of Museums : [proceedings].
260 ## - PUBLICACIÓN, DISTRIBUCIÓN, ETC.
Lugar de publicación, distribución, etc. México
Nombre del editor, distribuidor, etc. Federación Mundial de Amigos de los Museos : Federación Mexicana de Asociación de Amigos de los Museos
Fecha de publicación, distribución, etc. 1998
300 ## - DESCRIPCIÓN FÍSICA
Extensión 429 p.
Dimensiones 23 cm.
500 ## - NOTA GENERAL
Nota general Texto en: español, ingles y frances
650 14 - PUNTO DE ACCESO ADICIONAL DE MATERIA--TÉRMINO DE MATERIA
Término de materia o nombre geográfico como elemento de entrada World Congress of Friend of Museums
Subdivisión de forma Congresos
9 (RLIN) 324
650 14 - PUNTO DE ACCESO ADICIONAL DE MATERIA--TÉRMINO DE MATERIA
Término de materia o nombre geográfico como elemento de entrada Museos
Subdivisión de forma Congresos
9 (RLIN) 325
942 ## - ELEMENTOS DE PUNTO DE ACCESO ADICIONAL (KOHA)
Fuente del sistema de clasificación o colocación Library of Congress Classification
Tipo de ítem Koha Libros
Holdings
Estado de retiro Estado de pérdida Estado dañado No para préstamo Localización permanente Ubicación/localización actual Fecha de adquisición Total de préstamos Signatura topográfica completa Código de barras Fecha visto por última vez Precio válido a partir de Tipo de ítem Koha
El ejemplar forma parte de la colección y puede ser consultado según las políticas vigentes.       Biblioteca del Museo Franz Mayer (Rogerio Casas-Alatriste) Biblioteca del Museo Franz Mayer (Rogerio Casas-Alatriste) 25/06/2008   AM2 .W67 1996 00072 22/03/2019 22/03/2019 Libros